| 000 | 01890nabaa22002177a 4500 | ||
|---|---|---|---|
| 999 |
_c6165 _d6165 |
||
| 003 | OSt | ||
| 005 | 20260123205715.0 | ||
| 008 | 190701b xxu||||| |||| 00| 0 spa d | ||
| 040 | _cPJ | ||
| 100 |
_96878 _aGarda, Juan B. |
||
| 245 | 1 | 0 |
_aUn foro de principios para la "teoría general del contrato administrativo" / _bJuan B. Garda. |
| 300 | _ap. 146-189 | ||
| 500 | _aCita: TR LALEY AR/DOC/446/2024 | ||
| 505 | _aSumario: I. Introducción.— II. El contrato administrativo. Origen.— III. El contrato como especie de "acto administrativo".— IV. Perspectivas contrarias a la categoría jurídica. Especial referencia a la tesis de Mairal.— V. Distintos criterios para su conceptualización (teorías del contrato administrativo). Postura adoptada al respecto por la CSJN.— VI. El triple efecto jurídico y la cuádruple clasificación del instituto. Contratos regidos parcialmente por el derecho privado.— VII. Ecuación económica financiera contractual: conceptualización técnica y formas de violentarla.— VIII. La teoría de la invalidez administrativa y su fuerza expansiva a la categoría contrato administrativo.— IX. Plazo de caducidad y contratos administrativos.— X. Doctrina de la CSJN sobre "inexistencia contractual" ante omisión de licitación pública exigida por ley. Análisis crítico.— XI. Extinción del contrato administrativo. Supuestos normales y anormales.— XII. Consideraciones finales.— XIII. Bibliografía complementaria (por orden alfabético). | ||
| 505 | _t¿Te interesa el texto completo? Comunicate al correo: koha@justierradelfuego.gov.ar | ||
| 650 | 0 |
_9211 _aDERECHO ADMINISTRATIVO |
|
| 650 | 0 |
_91170 _aCONTRATOS ADMINISTRATIVOS |
|
| 650 | 0 |
_91057 _aJURISPRUDENCIA APLICABLE |
|
| 773 | 0 |
_02842 _93251 _dBuenos Aires : AbeledoPerrot, 2012- _oDA121 _tDerecho administrativo. Nº 152 marzo/abril 2024 _z18510590 |
|
| 942 |
_2udc _cANA |
||